| 000 | 00574cam a22002053a 4500 | ||
|---|---|---|---|
| 001 | 44761 | ||
| 003 | PGUSA | ||
| 005 | 20140828084025.0 | ||
| 008 | 140126s2014||||xxu|||||s|||||000 | eng d | ||
| 040 |
_aPGUSA _beng |
||
| 042 | _adc | ||
| 100 | 1 | _aStearns, Charles A. | |
| 245 | 1 | 4 |
_aThe Way to Abolish Slavery _h[electronic resource] / _cCharles A. Stearns |
| 260 |
_bProject Gutenberg, _c2014 |
||
| 506 | _aPublic domain in the USA. | ||
| 516 | _aElectronic text | ||
| 830 | 0 |
_aProject Gutenberg _v44761 |
|
| 856 | 4 | 0 | _uhttp://www.gutenberg.org/ebooks/44761 |
| 942 | _cEB | ||
| 999 |
_c274012 _d274012 |
||